El gran solipsismo: Juan Luis Martínez, obra visual

Збережено в:
Бібліографічні деталі
Автор: Nordenflycht Concha, José de (autor)
Формат: Книга
Мова:Іспанська
Опубліковано: Valparaíso Puntángeles 2001
Предмети:
Теги: Додати тег
Немає тегів, Будьте першим, хто поставить тег для цього запису!

MARC

LEADER 00000nam a2200000 a 4500
001 UCM1192
003 CL-VaPUC
008 020328e20010000CL |||||||||||||||||spa|d
082 0 4 |a 709.83  |b NOR  |2 21 
100 |a Nordenflycht Concha, José de  |e autor  |9 552753 
245 1 3 |a El gran solipsismo: Juan Luis Martínez, obra visual 
300 |a 124 p 
942 |c BK 
945 |d 20020328 00:00:00  |a vberengu 
260 |a Valparaíso  |b Puntángeles  |c 2001 
600 0 |a Martínez Holger, Juan Luis,  |d 1942-1993  |9 468163 
600 0 7 |a RODRIGUEZ DE MARTINEZ, ELIANA  |2 CL-VaPUC  |9 468164 
600 0 7 |a RIVERA SCOTT, HUGO  |2 CL-VaPUC  |9 468165 
650 0 |a Artistas chilenos  |9 344566 
650 0 |a Arte contemporáneo chileno  |9 464579 
583 |a last modification  |c 20020328 00:00:00  |k Rodrigo Vera 
999 |c 299794  |d 299792 
952 |0 0  |1 0  |4 0  |6 709_830000000000000_NOR_2001  |7 0  |8 A  |9 356703  |a BIBART  |b BIBART  |d 2019-11-21  |i 3802027  |l 3  |o 709.83 NOR 2001  |p 3802027  |r 2025-03-13  |s 2024-06-06  |w 2019-11-21  |y BK  |k ART